Les Drapeaux de Pays qui ont du Vert 🟱, du Blanc âšȘ et du Rouge 🔮 - Statistiques

Statistiques générales
  • Ce quiz a Ă©tĂ© pris 43 fois
  • Le rĂ©sultat moyen est 10 sur 11
Statistiques - réponses
Par images Réponse % Correct
Algérie
100%
Iran
100%
Italie
100%
Liban
98%
Bulgarie
95%
Mexique
95%
Hongrie
90%
Madagascar
85%
Burundi
73%
Oman
71%
Tadjikistan
68%
Aucun quiz correspondant
Distribution des résultats
% des personnes avec chaque résultat
Percentile par nombre de réponses
Votre historique - résultats
Vous n’avez pas pris ce quiz